00463 2200181 4500001002100000005001500021008004100036020001800077035001900095041000700114082001100121090001700132100002200149245003700171260003200208300002400240650001700264INLIS00000000000085220241224112237241224||||||||| | ||| |||| || |  a979-815-661-2 0010-1224000852 aid0 a338.04 a338.04 YAN t0 aMustofa Yani J. P00aTeknik Wiraswasta Dalam keluarga aJakartabRineka Ciptac1996 ax, 171 hlm; 18,3 cm 0aIlmu Terapan